| 000 | 00914nam a2200253 i 4500 | ||
|---|---|---|---|
| 001 | 17434 | ||
| 003 | ES-MaACL | ||
| 005 | 20250827062542.0 | ||
| 007 | t| | ||
| 008 | 010305s2000 sp ||||1| spa d | ||
| 020 | _a84-7476-307-X | ||
| 080 | _a329(460)PSOE | ||
| 100 | 1 |
_aMéndez Lago, Mónica. _980157 |
|
| 245 | 1 | 3 |
_aLa estrategia organizativa del Partido Socialista Obrero Español (1975-1996) / _cMónica Méndez Lago. |
| 250 | _a1ª ed. | ||
| 260 |
_aMadrid : _bCentro de Investigaciones Sociológicas : _bSiglo XXI de España, _c2000. |
||
| 300 |
_aXVIII, 383 p. ; _c21 cm. |
||
| 490 | 1 |
_aMonografías ; _v178 |
|
| 610 | 2 |
_aPartido Socialista Obrero Español. _96155 |
|
| 710 | 2 |
_aCentro de Investigaciones Sociológicas (España) _92708 |
|
| 830 | 0 | 0 |
_aMonografías (Centro de Estudios Benaventanos "Ledo del Pozo") _v178 _9177262 |
| 852 |
_aES-MaACL _jL-24381 _bR.129567 |
||
| 999 |
_c17434 _d17434 |
||